Jogos das seleções campeãs em Copas do Mundo da FIFA - Statistics

Estatísticas Gerais
  • Esse quiz foi jogado 55 vezes
  • A pontuação média é 123 de 137
Estatísticas das Respostas
Campeã Resultado Adversário % Correto
Coreia do Sul / Japão 2002 Brasil 2-0 Alemanha
100%
Alemanha 2006 Itália 2-0 Alemanha
100%
África do Sul 2010 Espanha 1-0 Alemanha
100%
Inglaterra 1966 Inglaterra 4-2 Alemanha Ocidental
100%
Espanha 1982 Itália 3-1 Alemanha Ocidental
100%
México 1986 Argentina 3-2 Alemanha Ocidental
100%
França 1998 França 2-1 Croácia
100%
Rússia 2018 França 4-2 Croácia
100%
Catar 2022 Argentina 3-0 Croácia
100%
Alemanha Ocidental 1974 Alemanha Ocidental 2-1 Holanda
100%
Argentina 1978 Argentina 3-1 Holanda
100%
Itália 1990 Alemanha Ocidental 2-1 Holanda
100%
Estados Unidos 1994 Brasil 3-2 Holanda
100%
África do Sul 2010 Espanha 1-0 Holanda
100%
Catar 2022 Argentina 2-2 (4-3 pen) Holanda
100%
Itália 1934 Itália 7-1 Estados Unidos
98%
Estados Unidos 1994 Brasil 1-0 Estados Unidos
98%
Alemanha 2006 Itália 1-1 Estados Unidos
98%
Brasil 2014 Alemanha 1-0 Estados Unidos
98%
França 1938 Itália 3-1 França
98%
Suécia 1958 Brasil 5-2 França
98%
Inglaterra 1966 Inglaterra 2-0 França
98%
Argentina 1978 Argentina 2-1 França
98%
Alemanha 2006 Itália 1-1 (5-3 pen) França
98%
Brasil 2014 Alemanha 1-0 França
98%
Catar 2022 Argentina 3-3 (4-2 pen) França
98%
Suécia 1958 Brasil 0-0 Inglaterra
98%
Chile 1962 Brasil 3-1 Inglaterra
98%
México 1970 Brasil 1-0 Inglaterra
98%
México 1986 Argentina 2-1 Inglaterra
98%
Itália 1990 Alemanha Ocidental 1-1 (4-3 pen) Inglaterra
98%
Coreia do Sul / Japão 2002 Brasil 2-1 Inglaterra
98%
França 1998 França 1-0 Paraguai
98%
África do Sul 2010 Espanha 1-0 Paraguai
98%
Uruguai 1930 Uruguai 4-2 Argentina
96%
Inglaterra 1966 Inglaterra 1-0 Argentina
96%
Espanha 1982 Itália 2-1 Argentina
96%
Itália 1990 Alemanha Ocidental 1-0 Argentina
96%
Brasil 2014 Alemanha 1-0 Argentina
96%
Rússia 2018 França 4-3 Argentina
96%
França 1938 Itália 2-1 Brasil
96%
Brasil 1950 Uruguai 2-1 Brasil
96%
Argentina 1978 Argentina 0-0 Brasil
96%
Espanha 1982 Itália 3-2 Brasil
96%
França 1998 França 3-0 Brasil
96%
Brasil 2014 Alemanha 7-1 Brasil
96%
Chile 1962 Brasil 4-2 Chile
96%
Alemanha Ocidental 1974 Alemanha Ocidental 1-0 Chile
96%
África do Sul 2010 Espanha 2-1 Chile
96%
Itália 1990 Alemanha Ocidental 1-1 Colômbia
96%
Itália 1934 Itália 1-1 (1-0 pen) Espanha
96%
Brasil 1950 Uruguai 2-2 Espanha
96%
Chile 1962 Brasil 2-1 Espanha
96%
México 1970 Brasil 4-1 Itália
96%
Argentina 1978 Argentina 0-1 Itália
96%
México 1986 Argentina 1-1 Itália
96%
Estados Unidos 1994 Brasil 0-0 (3-2 pen) Itália
96%
França 1998 França 0-0 (4-3 pen) Itália
96%
Chile 1962 Brasil 2-0 México
96%
Inglaterra 1966 Inglaterra 2-0 México
96%
Catar 2022 Argentina 2-0 México
96%
África do Sul 2010 Espanha 0-1 Suíça
96%
Inglaterra 1966 Inglaterra 0-0 Uruguai
96%
México 1970 Brasil 3-1 Uruguai
96%
México 1986 Argentina 1-0 Uruguai
96%
Rússia 2018 França 2-0 Uruguai
96%
México 1986 Argentina 2-0 Bélgica
93%
Coreia do Sul / Japão 2002 Brasil 2-0 Bélgica
93%
Rússia 2018 França 1-0 Bélgica
93%
Brasil 1950 Uruguai 3-2 Suécia
93%
Suécia 1958 Brasil 5-2 Suécia
93%
Alemanha Ocidental 1974 Alemanha Ocidental 4-2 Suécia
93%
Estados Unidos 1994 Brasil 1-1 Suécia
93%
Estados Unidos 1994 Brasil 1-0 Suécia
93%
Alemanha Ocidental 1974 Alemanha Ocidental 3-0 Austrália
91%
Alemanha 2006 Itália 1-0 Austrália
91%
Rússia 2018 França 2-1 Austrália
91%
Catar 2022 Argentina 2-1 Austrália
91%
Uruguai 1930 Uruguai 1-0 Peru
91%
México 1970 Brasil 4-2 Peru
91%
Argentina 1978 Argentina 6-0 Peru
91%
Espanha 1982 Itália 1-1 Peru
91%
Rússia 2018 França 1-0 Peru
91%
Alemanha Ocidental 1974 Alemanha Ocidental 1-0 Polônia
91%
Argentina 1978 Argentina 2-0 Polônia
91%
Espanha 1982 Itália 0-0 Polônia
91%
Espanha 1982 Itália 2-0 Polônia
91%
Catar 2022 Argentina 2-0 Polônia
91%
Suíça 1954 Alemanha Ocidental 4-1 Turquia
91%
Suíça 1954 Alemanha Ocidental 7-2 Turquia
91%
Coreia do Sul / Japão 2002 Brasil 2-1 Turquia
91%
Coreia do Sul / Japão 2002 Brasil 1-0 Turquia
91%
Inglaterra 1966 Inglaterra 2-1 Portugal
89%
África do Sul 2010 Espanha 1-0 Portugal
89%
Brasil 2014 Alemanha 4-0 Portugal
89%
Estados Unidos 1994 Brasil 2-0 Rússia
89%
México 1986 Argentina 3-1 Coreia do Sul
87%
França 1938 Itália 4-2 Hungria
87%
Suíça 1954 Alemanha Ocidental 3-8 Hungria
87%
Suíça 1954 Alemanha Ocidental 3-2 Hungria
87%
Argentina 1978 Argentina 2-1 Hungria
87%
Coreia do Sul / Japão 2002 Brasil 5-2 Costa Rica
85%
França 1998 França 4-0 Arábia Saudita
83%
Catar 2022 Argentina 1-2 Arábia Saudita
83%
Espanha 1982 Itália 1-1 Camarões
83%
Estados Unidos 1994 Brasil 3-0 Camarões
83%
Coreia do Sul / Japão 2002 Brasil 4-0 China
83%
França 1998 França 2-1 Dinamarca
80%
Rússia 2018 França 0-0 Dinamarca
80%
Alemanha 2006 Itália 2-0 Gana
80%
Brasil 2014 Alemanha 2-2 Gana
80%
França 1938 Itália 2-1 Noruega
80%
Itália 1934 Itália 1-0 Áustria
78%
Suíça 1954 Alemanha Ocidental 6-1 Áustria
78%
Suécia 1958 Brasil 3-0 Áustria
78%
Uruguai 1930 Uruguai 6-1 Iugoslávia
78%
Suíça 1954 Alemanha Ocidental 2-0 Iugoslávia
78%
Alemanha Ocidental 1974 Alemanha Ocidental 2-0 Iugoslávia
78%
Itália 1990 Alemanha Ocidental 4-1 Iugoslávia
78%
Itália 1934 Itália 2-1 Tchecoslováquia
78%
Chile 1962 Brasil 0-0 Tchecoslováquia
78%
Chile 1962 Brasil 3-1 Tchecoslováquia
78%
México 1970 Brasil 4-1 Tchecoslováquia
78%
Itália 1990 Alemanha Ocidental 1-0 Tchecoslováquia
78%
Suécia 1958 Brasil 2-0 União Soviética
78%
Brasil 2014 Alemanha 2-1 Argélia
76%
França 1998 França 3-0 África do Sul
74%
México 1986 Argentina 2-0 Bulgária
74%
Brasil 1950 Uruguai 8-0 Bolívia
72%
Uruguai 1930 Uruguai 4-0 Romênia
72%
México 1970 Brasil 3-2 Romênia
72%
Suécia 1958 Brasil 1-0 País de Gales
67%
África do Sul 2010 Espanha 2-0 Honduras
63%
Alemanha 2006 Itália 3-0 Ucrânia
63%
Alemanha 2006 Itália 2-0 República Tcheca
59%
Alemanha Ocidental 1974 Alemanha Ocidental 0-1 Alemanha Oriental
46%
Itália 1990 Alemanha Ocidental 5-1 Emirados Árabes Unidos
30%
Nenhum quiz correspondente encontrado
Distribuição das Pontuações
Porcentagem de Pessoas com Cada Pontuação
Percentil de Números Respondidos
Sua Pontuação Histórica
Você não jogou esse quiz